| 000 | 01223nam a2200301 c 4500 | ||
|---|---|---|---|
| 003 | BLK | ||
| 005 | 20220319161628.0 | ||
| 008 | 180412b bul|||||r ||||||| ||bul|| | ||
| 010 | _aKNG00010434000 | ||
| 020 |
_a954-01-0722-9 _bиздат.: Ал. Панов |
||
| 040 | _aBLK | ||
| 041 |
_aBUL _cBUL |
||
| 080 |
_aТеория на литературата. Литературна техника _b82.01/.09 _x(075.3) _z82.01/.09(075.3) |
||
| 100 | 1 |
_aПанов, Александър Асенов _eпърви автор _9254066 |
|
| 139 |
_aПанов, Александър Асенов _bП 18 |
||
| 245 | 1 | 0 |
_aТеория на литературата _bОсн. понятия : За гимназиалния курс _cАлександър Асенов Панов. |
| 257 | _aBGR | ||
| 260 |
_аСофия _bАл. Панов _c1995 _fВ. Търново : Абагар |
||
| 300 |
_a239 с. _c24 см |
||
| 380 | _a82 | ||
| 500 | _aАвт. не е отбелязан на кор ; 4 000 тир. | ||
| 650 | 4 |
_aЛитература - теория - учебници _9254067 |
|
| 852 | _aЦб 184281 | ||
| 856 | 4 |
_qpdf _u |
|
| 856 | 4 |
_qpdf _u |
|
| 942 |
_cKNG _n0 _06 |
||
| 944 |
_aCR _c15.01.2003 _kКети_Илиева |
||
| 944 |
_aED _c12.10.2005 _k |
||
| 999 |
_c9039 _d9039 |
||